书目信息 |
| 题名: |
现代别墅220例
|
|
| 作者: | ;美国宅设计公司 编 | |
| 分册: | ||
| 出版信息: | 北京 中国建筑工业出版社 2001.09 |
|
| 页数: | 228页 | |
| 开本: | 26cm | |
| 丛书名: | 国外花园别墅图集 | |
| 单 册: | ||
| 中图分类: | TU241.1-64 | |
| 科图分类: | ||
| 主题词: | 民用建筑--建筑设计 | |
| 电子资源: | ||
| ISBN: | 7-112-04726-9 | |
| 000 | 00784nam0 2200229 45 | |
| 001 | 0260209324 | |
| 005 | 2002041516432933 | |
| 010 | @a7-112-04726-9@dRMB 58.00 | |
| 100 | @a20020415d2001 km y0chiy0120 ea | |
| 101 | 0 | @achi |
| 102 | @aCN@b110000 | |
| 200 | 1 | @a现代别墅220例@Axian dai bie shu 220 li@d=220 SLEEK DESIGNS FOR MODERN LIFESTYLES@f(美)美国宅设计公司编@F(Mei)Mei Guo Zhai She Ji Gong Si Bian |
| 210 | @a北京@c中国建筑工业出版社@d2001.09 | |
| 215 | @a228页@d26cm | |
| 225 | 2 | @a国外花园别墅图集 |
| 410 | 0 | @12001 @a国外花园别墅图集 |
| 510 | @a=220 SLEEK DESIGNS FOR MODERN LIFESTYLES | |
| 606 | 0 | @a民用建筑@x建筑设计 |
| 690 | @aTU241.1-64@v3 | |
| 711 | 0 | @a美国宅设计公司@AMei Guo Zhai She Ji Gong Si@4编 |
| 801 | 0 | @aCN@bPFT@c20020415 |
| 905 | @a@dTU241.1-64@eM5381 | |
| 现代别墅220例=220 SLEEK DESIGNS FOR MODERN LIFESTYLES/(美)美国宅设计公司编.-北京:中国建筑工业出版社,2001.09 |
| 228页;26cm.-(国外花园别墅图集) |
| ←并列题名:=220 SLEEK DESIGNS FOR MODERN LIFESTYLES |
| ISBN 7-112-04726-9:RMB 58.00 |
| ● |
| 相关链接 |
|
|
|
正题名:现代别墅220例
索取号:TU241.1-64/M5381
 
预约/预借
| 序号 | 登录号 | 条形码 | 馆藏地/架位号 | 状态 | 备注 |
| 1 | 371870 | 203718708 | 建筑库101/101建筑库 64排7列4层/ [索取号:TU241.1-64/M5381] | 在馆 | |
| 2 | 371871 | 203718717 | 建筑库101/ [索取号:TU241.1-64/M5381] | 在馆 |